00549nam a2200193 a 4500001001300000003000900013005001700022008004100039020002300080082001300103100001800116245006700134260003500201300000900236500003500245505003100280650002600311700001800337nice12345678IN_TiNIC20260116013825.0050524s1990 lona grp 000 0 eng  a0333948 c73500a133bWIL aWilliams, T C aIdea of the Miraculousb the Challenge to Science and Religion aLondonbMacmillan Press c1990 a269p aincludes index and biblioraphy2 aNotes, Bibliography, Index aParanormal-Psychology1 aWilliams, T C